00578pab a2200181 454500008004000000100002200040245008900062260000900151300001300160362001100173650002300184650002900207650003700236650004300273650002800316700001700344773003500361180718b2000 xxu||||| |||| 00| 0 eng d aProctor, Rosemary aThe South Africa/Canada program on governance: an experiment in supporting democracy c2000 ap.157-73 aSummer aDemocracy - Canada aDemocracy - South Africa aCanada - Politics and government aSouth Africa - Politics and government aPolitics and government aSims, Harvey aCanadian Public Administration